| 000 | 00593nam a2200217 a 4500 | ||
|---|---|---|---|
| 001 | BRCA_7713 | ||
| 005 | 20190320205947.0 | ||
| 008 | 300813s1928----fr-a######---#000-0#fre-# | ||
| 041 | _afre | ||
| 044 | _afr | ||
| 050 | 4 |
_aNK2995 _b.G85 1928 |
|
| 100 | 1 |
_aGuimbaud, Louis _919073 |
|
| 245 | 1 | 0 |
_aLa tapisserie _bde haute et basse lisse _cpar Louis Guimbaud. |
| 260 |
_aParís _bE. Flammarion _cc1928 |
||
| 300 |
_a63 p. _bil., 34 láminas _c22 cm. |
||
| 440 | 0 |
_aLes Arts decoratifs _919074 |
|
| 500 | _aU51 | ||
| 650 | 1 | 4 |
_aTapices _vEstilos y formas _919075 |
| 902 | _aGFM | ||
| 942 |
_2lcc _cB |
||
| 999 |
_c7387 _d7387 |
||